000 00344nam a22001457a 4500
008 221004b ||||| |||| 00| 0 eng d
020 _a9780201339895
041 _aeng
080 _a338
082 _a338
100 _a23.1
101 _aMEN
245 _aORGANIZING GENIUS the secret of creative collaboration
_cBENNIS W
942 _2udc
_cBK
999 _c58330
_d58330